| 000 | 00596nam a2200193Ia 4500 | ||
|---|---|---|---|
| 003 | IN-BaIIA | ||
| 008 | 211028s9999 xx 000 0 eng d | ||
| 020 | _a0-470-09137-1 | ||
| 040 | _cIIA Library | ||
| 080 |
_a52-36 _bSHA |
||
| 100 |
_aShaw, Andrew M _930629 |
||
| 245 | 0 |
_aAstrochemistry _bfrom astronomy to astrobiology _cAndrew M. Shaw |
|
| 260 |
_aChichester _bJohn Wiley & Sons _c2006 |
||
| 300 | _axi, 339p. | ||
| 650 |
_aCosmochemistry _91212 |
||
| 650 |
_aPlanetary chemistry _930630 |
||
| 650 |
_aStellar chemistry _930631 |
||
| 942 | _cBK | ||
| 999 |
_c16509 _d16509 |
||